000 00286nam a2200133Ia 4500
100 _aBalagurusamy/E
942 _cBK
654 _aFortran
245 _aFortran IV For Begineers
260 _bTata McGraw Hill
_aNew Delhi
_c1985
082 _a1.6
300 _a188
546 _aENGLISH
999 _c26281
_d26281